ARRUPE JESUIT UNIVERSITY

CORONAVIRUS -STOP THE SPREAD - CLEAN,DISINFECT,COVER

Forgiveness and Christian ethics / (Record no. 129637)

MARC details
000 -LEADER
fixed length control field 01830cam a2200361 a 4500
001 - CONTROL NUMBER
control field 15148619
003 - CONTROL NUMBER IDENTIFIER
control field ARRUPE
005 - DATE AND TIME OF LATEST TRANSACTION
control field 20190522110231.0
008 - FIXED-LENGTH DATA ELEMENTS--GENERAL INFORMATION
fixed length control field 080119s2007 enk b 001 0 eng d
010 ## - LIBRARY OF CONGRESS CONTROL NUMBER
LC control number 2008270364
015 ## - NATIONAL BIBLIOGRAPHY NUMBER
National bibliography number GBA739079
Source bnb
016 7# - NATIONAL BIBLIOGRAPHIC AGENCY CONTROL NUMBER
Record control number 013751535
Source Uk
020 ## - INTERNATIONAL STANDARD BOOK NUMBER
International Standard Book Number 9780521878807 (hbk.)
020 ## - INTERNATIONAL STANDARD BOOK NUMBER
International Standard Book Number 0521878802 (hbk.)
035 ## - SYSTEM CONTROL NUMBER
System control number (OCoLC)ocn137221656
040 ## - CATALOGING SOURCE
Original cataloging agency UKM
Transcribing agency UKM
Modifying agency BTCTA
-- BAKER
-- YDXCP
-- BWKUK
-- IDI
-- COD
-- DLC
042 ## - AUTHENTICATION CODE
Authentication code lccopycat
050 00 - LIBRARY OF CONGRESS CALL NUMBER
Classification number BV4647.F55
Item number B58 2007
082 00 - DEWEY DECIMAL CLASSIFICATION NUMBER
Classification number 234/.5
Edition number 22
300 ## - PHYSICAL DESCRIPTION
Dimensions 24 cm.
100 1# - MAIN ENTRY--PERSONAL NAME
Personal name Bash, Anthony.
9 (RLIN) 46498
245 10 - TITLE STATEMENT
Title Forgiveness and Christian ethics /
Statement of responsibility, etc Anthony Bash.
260 ## - PUBLICATION, DISTRIBUTION, ETC. (IMPRINT)
Place of publication, distribution, etc Cambridge, UK ;
-- New York :
Name of publisher, distributor, etc Cambridge University Press,
Date of publication, distribution, etc 2007.
300 ## - PHYSICAL DESCRIPTION
Extent xi, 208 p. ;
440 #0 - SERIES STATEMENT/ADDED ENTRY--TITLE
Title New studies in Christian ethics ;
Volume number/sequential designation 29
9 (RLIN) 20820
504 ## - BIBLIOGRAPHY, ETC. NOTE
Bibliography, etc Includes bibliographical references (p. 187-200) and indexes.
505 0# - FORMATTED CONTENTS NOTE
Formatted contents note Forgiveness and wrongdoing -- Forgiveness then and now -- Forgiveness and psychological therapy -- Justice and forgiveness -- Forgiveness and the New Testament -- The Ideal of forgiveness -- Forgiveness and structural wrongdoing -- Forgiveness, punishment, and justice -- Varieties of forgiveness -- Afterthoughts.
650 #0 - SUBJECT ADDED ENTRY--TOPICAL TERM
Topical term or geographic name as entry element Forgiveness
General subdivision Religious aspects
-- Christianity.
9 (RLIN) 11265
650 #0 - SUBJECT ADDED ENTRY--TOPICAL TERM
Topical term or geographic name as entry element Christian ethics.
9 (RLIN) 46499
856 42 - ELECTRONIC LOCATION AND ACCESS
Materials specified Contributor biographical information
Uniform Resource Identifier <a href="http://www.loc.gov/catdir/enhancements/fy0808/2008270364-b.html">http://www.loc.gov/catdir/enhancements/fy0808/2008270364-b.html</a>
856 42 - ELECTRONIC LOCATION AND ACCESS
Materials specified Publisher description
Uniform Resource Identifier <a href="http://www.loc.gov/catdir/enhancements/fy0808/2008270364-d.html">http://www.loc.gov/catdir/enhancements/fy0808/2008270364-d.html</a>
856 41 - ELECTRONIC LOCATION AND ACCESS
Materials specified Table of contents only
Uniform Resource Identifier <a href="http://www.loc.gov/catdir/enhancements/fy0808/2008270364-t.html">http://www.loc.gov/catdir/enhancements/fy0808/2008270364-t.html</a>
906 ## - LOCAL DATA ELEMENT F, LDF (RLIN)
a 7
b cbc
c copycat
d 2
e ncip
f 20
g y-gencatlg
942 ## - ADDED ENTRY ELEMENTS (KOHA)
Source of classification or shelving scheme Library of Congress Classification
Koha item type Monograph ( Printed materials)
Holdings
Withdrawn status Lost status Source of classification or shelving scheme Damaged status Not for loan Collection code Home library Current library Shelving location Date acquired Total Checkouts Full call number Barcode Checked out Date last seen Date checked out Price effective from Koha item type
    Library of Congress Classification     Main Collection ARRUPE LIBRARY ARRUPE LIBRARY Main Collection 22/05/2019 1 BV4647.F55 B58 2007 46600004798 12/01/2020 13/12/2019 13/12/2019 22/05/2019 Monograph ( Printed materials)

 

Arrupe Library. PO Box MP320 Mt Pleasant, Harare, Zimbabwe
263 242 745411|librarian@aju.ac.zw